00815nam a22001817a 4500003000900000008004100009020001800050040007100068082001900139100001900158245005600177260005400233300008000287440003700367505016200404650001900566710004800585AR-CdUCM190322b ||||| |||| 00| 0 spa d a968-16-3093-9 aMUNICIPALIDAD PROVINCIAL DEL CUSCOcBIBLIOTECA MUNICIPAL DEL CUSCO a510.244 /bK62 aKline, Morris  aMatemáticas para los Estudiantes de Humanidades / aMéxico :bFondo de Cultura Económica ;c1998. a575 páginas ;bIlustraciones, fotografías, fórmulas, diagramas c23cm aObras de Ciencia y Tecnología  aContenido: La lógica y las matemáticas -- El número -- Álgebra -- Cartografía de la tierra y del cielo -- El orden matemático de la naturaleza... aMatemáticas  aConsejo Nacional de Ciencia y Tecnología